Statistics for All 1M Cities in 1960 Map Quiz

Click here to take the quiz!

General Stats

  • This quiz has been taken 198 times
  • The average score is 94 of 105

Answers on the Map

Answers color-coded by a green-red scale on the quiz's map according to % correct below.
 

Answer Stats

Pop (K)City% Correct
14,164New York
98%
3,900Peking
98%
6,865Shanghai
98%
16,679Tokyo
98%
3,260Berlin
97%
8,196London
97%
6,170Moscow
97%
7,411Paris
97%
3,680Cairo
96%
2,283Delhi
96%
6,530Los Angeles
96%
2,392Madrid
96%
5,479Mexico City
96%
1,361Miami
96%
2,456Rome
96%
1,089Seattle
96%
2,361Seoul
96%
1,744Toronto
96%
1,119Warsaw
96%
1,814Athens
95%
1,811Budapest
95%
6,183Chicago
95%
1,436Havana
95%
1,151Houston
95%
3,398Leningrad
95%
1,514Lisbon
95%
1,060Munich
95%
10,615Osaka
95%
1,001Prague
95%
2,135Sydney
95%
1,504Alexandria
94%
2,468Barcelona
94%
4,415Bombay
94%
2,818Boston
94%
1,485Brussels
94%
6,762Buenos Aires
94%
1,284Copenhagen
94%
1,447Dallas
94%
1,453Istanbul
94%
2,679Jakarta
94%
1,756Lima
94%
2,395Milan
94%
3,930Philadelphia
94%
4,493Rio de Janeiro
94%
2,200San Francisco
94%
1,873Tehran
94%
1,627Vienna
94%
1,019Baghdad
93%
2,151Bangkok
93%
2,338Birmingham
93%
1,269Bogota
93%
1,002Bucharest
93%
1,316Caracas
93%
3,548Detroit
93%
1,798Glasgow
93%
2,612Hong Kong
93%
1,148Johannesburg
93%
2,274Manila
93%
1,851Melbourne
93%
1,758Naples
93%
1,980Santiago
93%
3,970São Paulo
93%
1,633Singapore
93%
1,823Washington
93%
1,812Hamburg
92%
2,427Manchester
92%
2,031Montreal
92%
5,910Calcutta
91%
1,384Liverpool
91%
1,285Montevideo
91%
1,400Saigon
90%
1,272Canton
89%
1,789Cleveland
89%
1,853Karachi
89%
1,384Minneapolis
89%
1,348Turin
88%
1,653Wuhan
88%
1,005Baku
87%
1,915Madras
87%
1,422Baltimore
86%
1,241Hyderabad
86%
1,805Pittsburgh
86%
1,154Pusan
86%
1,703Leeds
85%
1,673St. Louis
85%
2,935Tientsin
85%
1,264Lahore
84%
1,166Bangalore
83%
4,297Nagoya
83%
1,580Chengtu
81%
2,275Chungking
81%
1,086Cincinnati
81%
1,163Kyiv
81%
1,152Milwaukee
81%
1,592Rangoon
81%
1,055Buffalo
80%
1,423Harbin
80%
1,074Recife
79%
1,056Sapporo
78%
2,681Fukuoka
76%
1,230Nanking
76%
2,699Mukden
73%
1,181Ahmedabad
65%
1,111Changchun
46%
1,003Tsinan
42%

Score Distribution

Percentile by Number Answered

Percent of People with Each Score

Your Score History

You have not taken this quiz